<?xml version="1.0" encoding="UTF-8"?>
<collection xmlns="http://www.loc.gov/MARC21/slim">
<record>
  <controlfield tag="001">2</controlfield>
  <controlfield tag="005">20250930111453.0</controlfield>
  <controlfield tag="008">061016s1474    it      d     000 0 lat dnam a </controlfield>
  <datafield tag="040" ind1=" " ind2=" ">
    <subfield code="a">UZ.GRL</subfield>
  </datafield>
  <datafield tag="041" ind1=" " ind2=" ">
    <subfield code="a">lat</subfield>
  </datafield>
  <datafield tag="100" ind1="1" ind2=" ">
    <subfield code="a">Horacio Flaco, Quinto </subfield>
  </datafield>
  <datafield tag="245" ind1=" " ind2=" ">
    <subfield code="a">Opera (Carmina, vel odae. Epodon. Carmen saeculare. Sermones, sive Satyrae. epistolae. Ars poetica, sive Epistola ad Pisones. (I),</subfield>
  </datafield>
  <datafield tag="260" ind1=" " ind2=" ">
    <subfield code="a">Mediolani</subfield>
    <subfield code="b">Antonius Zarotus</subfield>
    <subfield code="c">1474</subfield>
  </datafield>
  <datafield tag="300" ind1=" " ind2=" ">
    <subfield code="a">148 fol.</subfield>
    <subfield code="c">4º. Partes I-II</subfield>
  </datafield>
  <datafield tag="500" ind1=" " ind2=" ">
    <subfield code="a">Letra ital. sin capitales</subfield>
  </datafield>
  <datafield tag="506" ind1="0" ind2=" ">
    <subfield code="a">Access copy available to the general public</subfield>
    <subfield code="f">Unrestricted</subfield>
  </datafield>
  <datafield tag="538" ind1=" " ind2=" ">
    <subfield code="a">Texto completo System requirements: PC, World Wide Web Browser and DJVU reader</subfield>
  </datafield>
  <datafield tag="538" ind1=" " ind2=" ">
    <subfield code="a">Texto completo Available electronically via Internet</subfield>
  </datafield>
  <datafield tag="540" ind1=" " ind2=" ">
    <subfield code="9">info:eu-repo/semantics/openAccess</subfield>
    <subfield code="a">by</subfield>
    <subfield code="u">https://creativecommons.org/licenses/by/4.0/deed.es</subfield>
  </datafield>
  <datafield tag="655" ind1=" " ind2=" ">
    <subfield code="a">info:eu-repo/semantics/book</subfield>
  </datafield>
  <datafield tag="752" ind1=" " ind2=" ">
    <subfield code="a">Italia.</subfield>
  </datafield>
  <datafield tag="856" ind1="4" ind2=" ">
    <subfield code="z">Visor DjVu</subfield>
    <subfield code="a">http://biblioteca.unizar.es/djvu.php</subfield>
  </datafield>
  <datafield tag="856" ind1="4" ind2=" ">
    <subfield code="s">26238953</subfield>
    <subfield code="u">http://zaguan.unizar.es/record/2/files/I_2.pdf</subfield>
    <subfield code="y">Texto completo (PDF)</subfield>
  </datafield>
  <datafield tag="907" ind1=" " ind2=" ">
    <subfield code="a">b1477297</subfield>
  </datafield>
  <datafield tag="909" ind1="C" ind2="O">
    <subfield code="o">oai:zaguan.unizar.es:2</subfield>
    <subfield code="p">fondo-historico</subfield>
    <subfield code="p">driver</subfield>
  </datafield>
  <datafield tag="980" ind1=" " ind2=" ">
    <subfield code="a">FH</subfield>
    <subfield code="b">incunables</subfield>
  </datafield>
</record>
</collection>